000
00260nam a2200097Ia 4500
008
220204s9999 xx 000 0 und d
082
_a
NR:0161952/73
_b
ACS
245
0
_a
Bibliography: Dispersion measurements in rubber 1952-73
260
_a
ACS
_c
1975
942
_c
BK
999
_c
43449
_d
43449